Estatísticas para Municípios da Região Metropolitana da Baixada Santista (SP) no mapa

Clique aqui para jogar o quiz

Estatísticas Gerais

  • Esse quiz foi jogado 175 vezes
  • A pontuação média é 8 de 9

Respostas no mapa

Respostas codificadas por cores de uma escala verde-vermelha no mapa do quiz de acordo com a % correta abaixo.
 

Estatísticas das Respostas

Município% Correto
Santos
98%
São Vicente
91%
Guarujá
90%
Praia Grande
90%
Itanhaém
82%
Bertioga
79%
Cubatão
78%
Peruíbe
75%
Mongaguá
72%

Distribuição das Pontuações

Percentil de Números Respondidos

Porcentagem de Pessoas com Cada Pontuação

Sua Pontuação Histórica

Você não jogou esse quiz